| 000 | 01307aam a2200253 a 4500 | ||
|---|---|---|---|
| 001 | 001368201 | ||
| 003 | AR-RoUNCS | ||
| 005 | 20260521161620.0 | ||
| 007 | ta | ||
| 008 | 160801s2009 ag |r 00| f spa | ||
| 020 | _a9789870704614 | ||
| 040 |
_aAR-BaBN _bspa _cAR-RoUNCS |
||
| 041 | 1 |
_aspa _heng |
|
| 100 | 1 |
_aWells, H. G. _q(Herbert George), _d1866-1946 _eautor |
|
| 245 | 1 | 3 |
_aEl hombre invisible : _buna novela fantástica / _cH. G. Wells. |
| 260 |
_aCiudad Autónoma de Buenos Aires : _bAlfaguara, _c2009. |
||
| 300 |
_a247 p. ; _c22 cm. |
||
| 490 | 0 |
_aClásicos de la Literatura Fantástica y de Aventuras ; _vXI |
|
| 520 | _aEl hombre invisible nos muestra las contradicciones de un joven y brillante científico que, tras largas jornadas de agotadores experimentos, descubre la forma de hacerse invisible. Sin embargo, trastornado por los sufrimientos y el acoso a que se ve sometido, abandona todo escrúpulo y trata de emplear su descubrimiento para enriquecerse y dominar, sin detenerse ante la violencia y el engaño. Novela fantástica y un tanto amarga, subraya los potenciales peligros de una ciencia mal utilizada. | ||
| 650 | 7 |
_2embne _aLiteratura inglesa |
|
| 655 | 7 |
_aNovelas de ciencia ficción _2embne |
|
| 751 |
_aBuenos Aires _elugar de publicación _4pup |
||
| 942 |
_2udc _cOG _n0 |
||
| 999 |
_c1027 _d1027 |
||